| 000 | 00612nam a22002057a 4500 | ||
|---|---|---|---|
| 999 |
_c3032 _d3032 |
||
| 003 | AR-CdUCM | ||
| 008 | 190305b ||||| |||| 00| 0 spa d | ||
| 040 |
_aMUNICIPALIDAD PROVINCIAL DEL CUSCO _cBIBLIOTECA MUNICIPAL DEL CUSCO |
||
| 082 |
_a808.83 / _bW56 |
||
| 100 |
_aWilde, Oscar _91401 |
||
| 245 | _aEl ruiseñor y la rosa / | ||
| 260 |
_aBuenos Aires : _bRenovacion, |
||
| 300 |
_a189 páginas ; _c18.5 cm. |
||
| 500 | _aDonación Familia Nieto | ||
| 650 |
_aCuentos ingleses _93018 |
||
| 650 |
_aSiglo XIX _9971 |
||
| 700 |
_aLabrousse, Pedro (traductor) _910329 |
||
| 942 |
_2ddc _cLIBROS |
||
| 945 | _araen | ||